000 01938cam a22004577a 4500
003 CHAP
005 20241112062702.0
008 971013s1991 mx r 00010 spa d
010 _a9225
011 _a10197
035 _a9434
040 _cCHAP
090 _aFolleto 14236
100 1 0 _aSchwentesius Rindermann, Rita
_9103302
245 1 3 _aLa porcicultura mexicana ante la posible firma de un tratado de libre comercio con EUA y Canada
_c/por Rindermann Rita Schwentesius
260 _aChapingo, Méx. :
_bUACH. Centro de Investigaciones Económicas, Sociales y Tecnológicas de la Agroindustria y de la Agricultura Mundial,
_c1991
300 _a54 p. :
_bgráfs., cuadros
410 _aUACH. CIESTAAM
490 0 _aReporte de investigación
_v; 1
590 _aBATCH-UPD
_b10
_c20130110
_lUCH01
_h1644
590 _aBATCH-UPD
_b10
_c20130410
_lUCH01
_h1035
590 _aBATCH-UPD
_b10
_c20130914
_lUCH01
_h1519
590 _aCONVERSION
_b10
_c20130109
_lUCH01
_h1306
650 1 4 _aGanado porcino
_xCanadá.
_945341
650 1 4 _aGanado porcino
_xCostos de producción.
_945348
650 1 4 _aGanado porcino
_xE.U.A.
_945356
650 1 4 _aGanado porcino
_xExportación.
_945368
650 1 4 _aGanado porcino
_xImportación.
_945375
650 1 4 _aGanado porcino
_xMercadeo.
_945383
650 1 4 _aGanado porcino
_xMéxico.
_945385
650 1 4 _aTratado Trilateral de Libre Comercio.
700 1 _aGómez Cruz, Manuel Ángel
_949661
710 0 _aUACH. Centro de Investigaciones Económicas, Sociales y Tecnológicas de la Agroindustria y de la Agricultura Mundial.
_9115830
810 0 _aUACh. CIESTAAM
_9115844
830 0 _aReporte de investigación
_v; 1
_996000
901 _aBK
942 _cFOLL
949 _aFolleto 14236
_bBC
_cFOLL
_d-39425
_eTS1
_fc.2
_i9434
_mD
_si
_t10.00
949 _aFolleto 14236
_bBC
_cFOLL
_d33724002127595
_eTS2
_fc.3
_i9434
_sb
_t$10.00
949 _aFolleto 14236
_bBC
_cUACH
_d-20091
_eUACH
_gI. c/e
_i9434
_si
_t10.00
999 _c9225
_d9225